Aspectos generales del derecho administrativo colombiano (Registro nro. 10841)

000 -CABECERA
Campo de control de longitud fija 01387nam a22002897a 4500
003 - IDENTIFICADOR DEL NÚMERO DE CONTROL
Campo de control OSt
005 - FECHA Y HORA DE LA ÚLTIMA TRANSACCIÓN
Campo de control 20260414092053.0
008 - CÓDIGOS DE INFORMACIÓN DE LONGITUD FIJA
Campo de control de longitud fija 260413t2012 xxu||||| |||| 00| 0 spa d
020 ## - NÚMERO INTERNACIONAL NORMALIZADO PARA LIBROS (ISBN)
Número Internacional Normalizado para Libros (ISBN) 9789587411959
040 ## - FUENTE DE LA CATALOGACIÓN
Centro catalogador de origen Unicoc
Lengua de catalogación spa
Centro que cataloga Bogotá (Dr. David Ordóñez Rueda) - Campus Norte
Centro modificador Bogotá (Dr. David Ordóñez Rueda) - Campus Norte
082 ## - NÚMERO DE LA CLASIFICACIÓN DECIMAL DEWEY
Número de clasificación 344.861
100 ## - PUNTO DE ACCESO PRINCIPAL - NOMBRE DE PERSONA
9 (RLIN) 12932
Nombre de persona Herrera Robles, Aleksey
245 ## - MENCIÓN DE TÍTULO
Título Aspectos generales del derecho administrativo colombiano
Mención de responsabilidad etc. / Aleksey Herrera Robles
250 ## - MENCIÓN DE EDICIÓN
Mención de edición 3 Ed.
260 ## - PUBLICATION, DISTRIBUTION, ETC. (IMPRINT)
Lugar de publicación distribución etc. Barranquilla :
Nombre del editor distribuidor etc. Universidad del Norte ,
Fecha de publicación distribución etc. 2012.
300 ## - DESCRIPCIÓN FÍSICA
Extensión 806 páginas
500 ## - NOTA GENERAL
Nota general Incluye referencias bibliográficas
505 ## - NOTA DE CONTENIDO CON FORMATO
Título Título 1. Nociones generales. --
-- Título 2. Aspectos orgánicos del derecho administrativo. --
-- Título 3. Aspectos materiales del derecho administrativo. --
-- Título 4. Teoría general del acto administrativo. --
-- Título 5. Principio de legalidad. --
-- Título 6. Régimen de contratación estatal. --
526 ## - NOTA DE INFORMACIÓN SOBRE EL PROGRAMA DE ESTUDIO
Institución que aplica el campo Unicoc
546 ## - NOTA DE LENGUA
Nota de lengua Español
650 #0 - PUNTO DE ACCESO ADICIONAL DE MATERIA - TÉRMINO DE MATERIA
9 (RLIN) 555
Término de materia o nombre geográfico como elemento inicial Derecho administrativo
Subdivisión geográfica Colombia
650 #0 - PUNTO DE ACCESO ADICIONAL DE MATERIA - TÉRMINO DE MATERIA
9 (RLIN) 549
Término de materia o nombre geográfico como elemento inicial Procedimiento administrativo
Subdivisión geográfica Colombia
650 #0 - PUNTO DE ACCESO ADICIONAL DE MATERIA - TÉRMINO DE MATERIA
9 (RLIN) 554
Término de materia o nombre geográfico como elemento inicial Derecho administrativo
Subdivisión de forma Origen y aplicaciones
658 #0 - TÉRMINO DE INDIZACIÓN - OBJETIVO CURRICULAR
9 (RLIN) 8008
Programa Académico Programa de Derecho
856 ## - LOCALIZACIÓN Y ACCESO ELECTRÓNICOS
Texto del enlace Acceso online exclusivo para comunidad Unicoc.
Identificador Uniforme del Recurso (URI) https://unicoceduco-my.sharepoint.com/:b:/g/personal/direccionbiblioteca_unicoc_edu_co/IQDv0ZXbcZB8QrX3BcJFnjGYAWPEV6a2LIwT1zEAT2AcAKc
942 ## - ENTRADA PARA ELEMENTOS AGREGADOS (KOHA)
Fuente de clasificación o esquema de ordenación en estanterías
Koha [por defecto] tipo de item Libro electrónico
Existencias
Tipo de item de Koha No para préstamo Fecha del precio de reemplazo Código de barras Localización actual Estropeado Precio Fuente de clasificación o esquema de ordenación en estanterías Fecha de adquisición Estado de pérdida Signatura completa Código de colección Fuente de adquisición Localización permanente Fecha última consulta
Libro electrónico 2026-04-13Ebook10841Bogotá (Dr. David Ordóñez Rueda) - Campus Norte 200000.00 2026-04-13 344.861Coleccion OnlineCompraBogotá (Dr. David Ordóñez Rueda) - Campus Norte2026-04-13

© 2014 UNICOC | Institución Universitaria Colegios de Colombia - UNICOC
Bogotá D.C. Autopista Norte Km. 20. Teléfono:(571)6683535
Cali: Calle 13 Norte No. 3N-13. Teléfono: (572)6608887

Con tecnología de Koha